000 01034nam a22002654a 4500
005 20090810115542.0
008 010809s2000 vaua 000 0 eng
010 _aENG-94690
020 _a9788183872218
_c495.00
035 _aEN-78223
037 _bDBAD / PUB
040 _adpl
_bEnglish
082 _a658.7
100 _aKirubakaran, J. Paul Sundar
245 _aSupply chain management /
_cby J. Paul Sundar Kirubakaran
260 _aNew Delhi
_bSerials Publications
_c2008
270 _a4830/24, Prahlad Street, Ansari Road, Darya Ganj,
_bNew Delhi
_e110002
300 _axiv, 141p.
_c23cm(Hb)
500 _aIncludes bibliographical references
650 _aInventory control.
650 _aBusiness logistics.
710 _aAPICS--The Educational Society for Resource Management.
942 _2ddc
_cEN
_h658.7
_mKIR
999 _c29055
_d29055